Bionicle - Toas - Statistics

General Stats
  • This quiz has been taken 192 times
  • The average score is 20 of 26
Answer Stats
Element Toa % Correct
Fire Tahu
97%
Water Gali
94%
Ice Kopaka
94%
Stone Pohatu
93%
Air Lewa
92%
Earth Onua
91%
Light (and Shadow) Takanuva
85%
Fire Vakama
83%
Fire Jaller
81%
Ice Matoro
79%
Stone Onewa
79%
Life Mata Nui
77%
Air Matau
77%
Water Nokama
77%
Ice Nuju
77%
Stone Hewkii
74%
Earth Whenua
74%
Air Kongu
72%
Water Hahli
69%
Earth Nuparu
68%
Air Gresh
66%
Life Ignika
61%
Fire Ackar
56%
Water Kiina
51%
Air Vastus
46%
Water Tarix
42%
No matching quizzes found
Score Distribution
Percent of People with Each Score
Percentile by Number Answered
Your Score History
You have not taken this quiz